<?xml version="1.0" encoding="UTF-8"?>
<record
    xmlns:xsi="http://www.w3.org/2001/XMLSchema-instance"
    xsi:schemaLocation="http://www.loc.gov/MARC21/slim http://www.loc.gov/standards/marcxml/schema/MARC21slim.xsd"
    xmlns="http://www.loc.gov/MARC21/slim">

  <leader>01888nam a2200289 a 4500</leader>
  <controlfield tag="001">1974635</controlfield>
  <controlfield tag="003">000</controlfield>
  <controlfield tag="005">20170717110948.0</controlfield>
  <controlfield tag="007">000</controlfield>
  <controlfield tag="008">881201s1985    enk      b    001 0 eng c</controlfield>
  <datafield tag="010" ind1=" " ind2=" ">
    <subfield code="a">   88206989 </subfield>
  </datafield>
  <datafield tag="020" ind1=" " ind2=" ">
    <subfield code="a">056600979X</subfield>
  </datafield>
  <datafield tag="040" ind1=" " ind2=" ">
    <subfield code="a">UOEL</subfield>
    <subfield code="c">MH</subfield>
    <subfield code="d">DLC</subfield>
  </datafield>
  <datafield tag="050" ind1="1" ind2="4">
    <subfield code="a">HC59.72.B38</subfield>
    <subfield code="b">P66x 1985b</subfield>
  </datafield>
  <datafield tag="245" ind1="0" ind2="0">
    <subfield code="a">Popular participation in planning for basic needs :</subfield>
    <subfield code="b">concepts, methods, and practices /</subfield>
    <subfield code="c">edited by Franklyn Lisk.</subfield>
  </datafield>
  <datafield tag="260" ind1=" " ind2=" ">
    <subfield code="a">Aldershot, Hampshire, England :</subfield>
    <subfield code="b">Gower,</subfield>
    <subfield code="c">c1985.</subfield>
  </datafield>
  <datafield tag="300" ind1=" " ind2=" ">
    <subfield code="a">ix, 277 p. ;</subfield>
    <subfield code="c">23 cm.</subfield>
  </datafield>
  <datafield tag="500" ind1=" " ind2=" ">
    <subfield code="a">"A study prepared for the International Labour Office within the framework of the World Employment Programme."</subfield>
  </datafield>
  <datafield tag="504" ind1=" " ind2=" ">
    <subfield code="a">Includes bibliographies and index.</subfield>
  </datafield>
  <datafield tag="505" ind1="0" ind2=" ">
    <subfield code="a">The role of participation in basic needs-oriented development planning / Franklyn Lisk -- Popular participation in decicion making with reference to development planning / Jean Majeres -- Alternative forms and levels of popular participation / Arnold Hughes -- Mass participation, development and basic needs satisfaction / Gek-boo Ng -- Popular participation and administrative decentralisation in a basic needs-oriented planning framework : the case of the United Republic of Tanzania / David H. Freedman -- Popular participation and access to basic needs in Kenya / W. Ouma Oyugi -- Peasant participation in Latin America in historical perspective / Gerrit Huizer -- Popular participation : the role and activities of women's organisations in China / Elisabeth J. Croll -- Participatory development at the local level in Bangladesh / Muhiuddin Khan Alamgir.</subfield>
  </datafield>
  <datafield tag="650" ind1=" " ind2="0">
    <subfield code="a">Basic needs</subfield>
    <subfield code="z">Developing countries</subfield>
    <subfield code="x">Planning</subfield>
    <subfield code="x">Citizen participation.</subfield>
  </datafield>
  <datafield tag="700" ind1="1" ind2=" ">
    <subfield code="a">Lisk, Franklyn.</subfield>
  </datafield>
  <datafield tag="710" ind1="2" ind2=" ">
    <subfield code="a">International Labour Office.</subfield>
  </datafield>
  <datafield tag="710" ind1="2" ind2=" ">
    <subfield code="a">World Employment Programme.</subfield>
  </datafield>
  <datafield tag="906" ind1=" " ind2=" ">
    <subfield code="a">7</subfield>
    <subfield code="b">cbc</subfield>
    <subfield code="c">orignew</subfield>
    <subfield code="d">u</subfield>
    <subfield code="e">ncip</subfield>
    <subfield code="f">19</subfield>
    <subfield code="g">y-gencatlg</subfield>
  </datafield>
  <datafield tag="942" ind1=" " ind2=" ">
    <subfield code="2">lcc</subfield>
    <subfield code="c">SBK</subfield>
  </datafield>
  <datafield tag="999" ind1=" " ind2=" ">
    <subfield code="c">13212</subfield>
    <subfield code="d">13212</subfield>
  </datafield>
  <datafield tag="952" ind1=" " ind2=" ">
    <subfield code="0">0</subfield>
    <subfield code="1">0</subfield>
    <subfield code="2">lcc</subfield>
    <subfield code="4">0</subfield>
    <subfield code="7">0</subfield>
    <subfield code="a">UOE</subfield>
    <subfield code="b">UOE</subfield>
    <subfield code="c">GEN</subfield>
    <subfield code="d">2017-07-17</subfield>
    <subfield code="l">0</subfield>
    <subfield code="o">HC59.72.B38 P66x 1985b</subfield>
    <subfield code="p">10012045</subfield>
    <subfield code="r">2026-04-27 11:30:50</subfield>
    <subfield code="t">10012045</subfield>
    <subfield code="w">2017-07-17</subfield>
    <subfield code="y">SBK</subfield>
  </datafield>
</record>
